000 00492nam a2200169 4500
001 120255
003 ES-MaACL
005 20230906191512.0
007 t|
008 070214s1972 sp r ||||1| spa d
100 1 _aPirenne, Henri.
_992343
245 1 4 _aLas ciudades de la Edad Media /
_cHenri Pirenne ; [traductor: Francisco Calvo].
260 _aMadrid :
_bAlianza,
_c1972.
300 _a167 p. ;
_c18 cm.
700 1 _aCalvo, Francisco.
_933838
852 _aES-MaACL
_jC-45490
_bR.83316
999 _c120255
_d120255